000 00364nam a22001457a 4500
008 221202b ||||| |||| 00| 0 eng d
020 _a978305263727
041 _aeng
080 _2TENTH EDITION
_a159.9
082 _a159.9COR
100 _a25
101 _aPSI
245 _aTHEORY AND PRACTICE OF COUNSELING AND PSYCHOTHERAPY
_cCOREY GERALD
942 _2udc
_cBK
999 _c59080
_d59080